| 000 | 01170cam a22003611 4500 | ||
|---|---|---|---|
| 001 | 30825 | ||
| 003 | BD-RjUL | ||
| 005 | 20211209051624.0 | ||
| 008 | 140412s1951 mau b 000 0 eng d | ||
| 035 | _a(OCoLC)10410172 | ||
| 035 | _a(OCoLC)ocm10410172 | ||
| 035 | _a(BD-RjUL)30912 | ||
| 035 | _a(NNC)1148184 | ||
| 040 |
_aNNC _cNNC _beng _dBD-RjUL |
||
| 041 | 1 |
_alat _heng |
|
| 082 |
_a186 _bCID 1951 |
||
| 100 | 1 |
_aCicero, Marcus Tullius. _993629 |
|
| 245 | 1 | 0 |
_aDe finibus bonorum et malorum / _cwith an English translation by H. Rackham. |
| 250 | _a[2d ed.] | ||
| 260 |
_aCambridge, Mass., _bHarvard University Press; _aLondon, _bW. Heinemann, _c1951. |
||
| 300 |
_axxvii, 511 p. ; _c17 cm. |
||
| 490 | 1 | _aHis Cicero, 17 | |
| 490 | 1 | _aLoeb classical library. [Latin] | |
| 500 | _aLatin and English on opposite pages. | ||
| 500 | _aOriginally published 1931. | ||
| 504 | _a"Bibliographical notes": p. xxv-xxvii. | ||
| 650 | 0 |
_aEthics. _993630 |
|
| 830 | 0 |
_v40. _993640 |
|
| 700 | 1 |
_aRackham, H. _q(Harris), _d1868-1944, _etranslator. _992022 |
|
| 830 | 0 |
_aLoeb classical library ; _993641 |
|
| 942 |
_2ddc _cBK |
||
| 999 |
_c30825 _d30825 |
||